| 000 | 00773nam a2200265 i 4500 | ||
|---|---|---|---|
| 001 | 104893 | ||
| 003 | ES-MaACL | ||
| 005 | 20230906183722.0 | ||
| 007 | t| | ||
| 008 | 060523s1944 fr ||||1| fre d | ||
| 080 | _a17.036.22 | ||
| 080 | _a1 Pirrón de Elea | ||
| 100 | 1 |
_aRobin, Léon. _997872 |
|
| 245 | 1 | 0 |
_aPyrrhon et le scepticisme grec / _cpar Leon Robin. |
| 250 | _a1er. ed. | ||
| 260 |
_aParis : _bPresses Universitaires de France, _c1944. |
||
| 300 |
_aVI, 255 p. ; _c23 cm. |
||
| 490 | 1 | _aLes grands philosophes | |
| 500 | _aBiblioteca Jacinto Martínez Lacalle. | ||
| 600 | 1 | 4 |
_aPirrón de Elea. _992354 |
| 650 | 1 | 4 |
_aEstoicos. _912556 |
| 830 | 0 |
_aLes grands philosophes _9182277 |
|
| 852 |
_aES-MaACL _jE-11212 _bR.138901 |
||
| 999 |
_c104893 _d104893 |
||